Países asiáticos em sua língua nativa - Statistics

Estatísticas Gerais
  • Esse quiz foi jogado 49 vezes
  • A pontuação média é 18 de 30
Estatísticas das Respostas
Nome Tradução % Correto
Singapura Singapura
97%
Azərbaycan Azerbaijão
95%
日本 Japão
95%
Malaysia Malásia
95%
Türkmenistan Turcomenistão
95%
Türkiye Turquia
95%
Việt Nam Vietnã
95%
대한민국 Coreia do Sul
92%
中华人民共和国 China
87%
조선민주주의인민공화국 Coreia do Norte
84%
السعودية Arábia Saudita
82%
Қазақстан Cazaquistão
79%
ราชอาณาจักรไทย Tailândia
68%
دولة الإمارات العربية المتحدة Emirados Árabes Unidos
61%
מְדִינַת יִשְׂרָאֵל Israel
58%
भारत Índia
53%
Монгол улс Mongólia
53%
Кыргызстан Quirguistão
42%
Тоҷикистон Tajiquistão
42%
বাংলাদেশ Bangladesh
37%
Κύπρος Chipre
37%
नेपाल Nepal
37%
ປະຊາຊົນລາວ Laos
32%
မြန်မာ Myanmar
32%
འབྲུག་ཡུལ་ Butão
29%
កម្ពុជា Camboja
29%
საქართველო Geórgia
29%
Հայաստան Armênia
26%
ශ්රී ලංකා Sri Lanka
24%
ދިވެހިރާއްޖޭގެ ޖުމްހޫރިއްޔާ Maldivas
18%
Nenhum quiz correspondente encontrado
Distribuição das Pontuações
Porcentagem de Pessoas com Cada Pontuação
Percentil de Números Respondidos
Sua Pontuação Histórica
Você não jogou esse quiz